| 000 | 01551nam a22002777a 4500 | ||
|---|---|---|---|
| 005 | 20230616140314.0 | ||
| 008 | 220113s1933 enk||||fr|||| 00| f eng d | ||
| 040 |
_cSandra Yazo _dSandra Yazo |
||
| 041 | 0 | _aeng | |
| 082 | 0 | 4 |
_220 _a823.9 |
| 092 | _aE51N067 | ||
| 100 | 1 |
_aCharteris, Leslie _d1907-1993 _9172887 |
|
| 242 | 0 | 3 |
_aEl Santo. Terror Sagrado. _cLeslie Charteris _yspa |
| 245 | 1 | 4 |
_aThe holy terror _cLeslie Charles Bowyer Yin |
| 260 |
_aLondon [Londres] (Inglaterra) _bHodder and Stoughton ; Wyman & Sons Ltd. [Hodder y Stoughton ; Wyman & Hijos, Ltda.] _c1933 |
||
| 300 |
_a320 págínas _c18 x 12 cm |
||
| 490 | 0 |
_aH & S Yellow Jacket [H. Y S. Sobrecubierta Amarilla] _v251 |
|
| 500 | _aDetalles físicos: Encuadernación rígida en cartón forrado en tela texturizada y repujada. Impresión en negro sobre el lomo (con las iniciales S. H., de Hodder and Stoughton). Sobrecubierta (dañados en bordes) y solapas de papel, con imágenes en colores. Guardas. Hoja de cortesía. Anteportada. Portada impresa en una sola tinta: datos del libro enmarcados en orla decorativa. Texto impreso en una sola columna, con diferentes tipos y tamaños de letra. Índices. Tapa posterior desgarrada. | ||
| 505 | 0 | _aLa Agencia tributaria ; El día de un millón de libras ; La melancólica jornada de Mr. Teal. | |
| 506 | _aConsulta en sala | ||
| 546 | _aInglés | ||
| 650 | 7 |
_920561 _aNovela policiaca inglesa |
|
| 650 | 7 |
_9272 _aLiteratura inglesa |
|
| 690 |
_aLiteratura europea _926524 |
||
| 942 |
_2LOCAL _cLIBRO _e1 _hE51N067 |
||
| 999 |
_c320337 _d320337 |
||